• 首页
  • 本馆介绍
  • 公告通知
  • 最新文献
  • 馆藏检索
  • 电子资源
  • 读者导购
  • 参考咨询
  • 我的图书馆
  • 登录
  • 详细信息显示
  • 放入我的书架
  • 预约/预借图书
  • 作者相关作品
  • 分类相关作品
  • 丛书相关作品
  • 出版社相关作品

书目信息

  • 表格格式
  • 工作单格式
  • 卡片格式
题名:
中国学生必读文库
    
 
作者: 陈钢 , 王圣民 主编
分册: 上   艺术卷
出版信息: 天津   天津教育出版社  2000.01
页数: 503页
开本: 32开
丛书名:
单 册:
中图分类: Z228.2
科图分类:
主题词: 课外读物
电子资源:
ISBN: 7-5309-3135-0
000 00652nam0 2200217 45
001 0110241026
005 20031219104051.2
010    @a7-5309-3135-0@dCNY24.50
100    @a20011024d2000 km y0chiy0120 ea
101 0  @achi
105    @a z 000yy
200 1  @a中国学生必读文库@i艺术卷@h上@AZhong Guo Xue Sheng Bi Du Wen Ku@f陈钢,王圣民主编@FChen Gang,Wang Sheng Min Zhu Bian
210    @a天津@c天津教育出版社@d2000.01
215    @a503页@d32开
517    @a艺术卷@AYi Shu Juan
606 0  @a课外读物
690    @aZ228.2@v4
701    @a陈钢@4主编
701  0 @a王圣民@4主编
801    @aCN@bTSTC@c20011024
905    @f5@b299996-000@dZ228.2@e139:2(1)
    
    中国学生必读文库.艺术卷.上/陈钢,王圣民主编.-天津:天津教育出版社,2000.01
    503页;32开
    
    
    ISBN 7-5309-3135-0:CNY24.50
    
●
相关链接 在E读中查询图书 在五车中查询图书 在当当中查询图书 在豆瓣中查询图书


正题名:中国学生必读文库     索取号:Z228.2/139:2(1)         预约/预借

序号 登录号 条形码 馆藏地/架位号 状态 备注
1 0299996   202999960   第三借阅区/ [索取号:Z228.2/139:2(1)] 在馆    
2 0299997   202999979   第三借阅区/ [索取号:Z228.2/139:2(1)] 在馆    
3 0299998   202999988   第三借阅区/ [索取号:Z228.2/139:2(1)] 在馆    
4 0299999   202999997   第三借阅区/ [索取号:Z228.2/139:2(1)] 在馆    
5 0300000   203000000   第二样本阅览室/ [索取号:Z228.2/139:2(1)] 在馆    
唐山师范学院图书馆 欢迎您!
大连网信软件有限公司© 版权所有